Latin II Present Active or Present Passive? Quiz Stats

 Plays Quiz not verified by Sporcle

Challenge
Share
Tweet
Embed
Score 0/20 Timer 05:00
0 Plays Today
% Correct
he is killed
50.9%
I seek
48.5%
you send
47.5%
he kills
46.3%
we lead
46.3%
we are led
45.4%
y'all are told
45.1%
we move
44.8%
I am sought
44.4%
you are sent
44.4%
% Correct
we are moved
44.1%
I ask
43.2%
you desire
41.4%
you are desired
41.4%
I am asked
40.7%
y'all tell
39.8%
it does
37.3%
it is done
34.6%
they do
34%
they are done
31.5%

You're not logged in!

Compare scores with friends on all Sporcle quizzes.
OR
Log In

You Might Also Like...

Show Comments

Extras

Top Quizzes Today


Score Distribution

Your Account Isn't Verified!

In order to create a playlist on Sporcle, you need to verify the email address you used during registration. Go to your Sporcle Settings to finish the process.

Report this User

Report this user for behavior that violates our Community Guidelines.

Details: